000 00937cam a2200277 a 4500
999 _c30604
_d30604
001 15213407
005 20191127123705.0
008 080310s2008 nhu 000 1 eng
010 _a 2008010688
020 _a9780435913540 (pbk.)
040 _aDLC
_cDLC
043 _af-nr---
050 0 0 _aPR9387.9.E36
_bJ69 2008
082 0 0 _a823/.914
_223
100 1 _aEmecheta, Buchi.
245 1 4 _aThe joys of motherhood :
_bBuchi Emecheta ; introduction by Elleke Boehmer.
260 _a[Portsmouth, NH] :
_bHeinemann,
_c2008.
300 _avii, 254 p. ;
_c20 cm.
440 _aAfrican writers series
650 0 _aMotherhood
_zNigeria
_vFiction.
651 0 _aNigeria
_vFiction.
655 0 _aDomestic fiction.
906 _a7
_bcbc
_corignew
_d1
_eecip
_f20
_gy-gencatlg
942 _2lcc
_cAFRICANA
_hPR9387.9.E36 J69 2008